| 000 | 00648nam a2200217 i 4500 | ||
|---|---|---|---|
| 001 | 146592 | ||
| 003 | ES-MaACL | ||
| 005 | 20230906201609.0 | ||
| 007 | t| | ||
| 008 | 070912s1967 sp ||||1| spa d | ||
| 080 | _a959.7 | ||
| 100 | 1 |
_aTournaire, Hélène. _9111141 |
|
| 245 | 1 | 3 |
_aEl libro amarillo del Vietnam / _cHélène Turnaire, Robert Bouteaud ; [traducido por Mireia Bofill]. |
| 250 | _a1ª ed. | ||
| 260 |
_aBarcelona : _bCultura Popular, _c1967. |
||
| 300 |
_a333 p. ; _c21 cm. |
||
| 651 | 4 |
_aVietnam- _xHistoria. _99537 |
|
| 700 | 1 |
_aBouteaud, Robert. _931050 |
|
| 700 | 1 |
_aBofill, Mireia. _929779 |
|
| 852 |
_aES-MaACL _jC-33069 |
||
| 999 |
_c146592 _d146592 |
||